[Event "WALTON 40th BAN-ch U20 Open 2022"]
[Site "Dhaka"]
[Date "2022.02.15"]
[Round "1.1"]
[White "Zia, Tahsin Tajwar"]
[Black "Ishmam Inan, Nasif"]
[Result "1-0"]
[WhiteElo "2283"]
[BlackElo "1066"]
[Annotator "TA"]
[PlyCount "49"]
[EventDate "2022.02.15"]
[EventType "swiss"]
[EventCountry "BAN"]
[SourceTitle "playchess.com"]
[Source "ChessBase"]
[SourceQuality "1"]

{[%evp 9,48,32,51,51,55,36,41,25,383,371,491,500,513,528,488,362,1029,687,678,666,1089,717,734,724,700,656,1172,1136,29978,29975,29986,29987,29987,29988,29988,29989,29997,29998,29998,29999,29999]} 1. d4 e6 2. Nf3 d5 3. c4 Nf6 4. g3 h6 5. Bg2 Nc6 6. O-O {E01: Catalan: Early deviations.} Bd6 7. Nc3 dxc4 8. e4 {[%cal Be2e4,Be4e5][%mdl 32] [#] And now e5 would win. White is slightly better.} g5 $146 {[%mdl 8192]} (8... Nd7 $1 $11 {and Black has nothing to worry.}) ({Predecessor:} 8... O-O 9. e5 Nh5 10. exd6 cxd6 11. Nd2 Nf6 12. Nxc4 d5 13. Ne5 Bd7 14. Bf4 Na5 {1-0 (51) Al Maamari,H-Chanthavong,S Chess.com INT 2021}) 9. e5 $18 g4 10. Nd2 ({Less strong is} 10. exd6 gxf3 11. dxc7 (11. Qxf3 cxd6 12. Nb5 Kf8 $16) 11... Qxc7 $18) 10... Nxe5 11. dxe5 Bxe5 12. Nxc4 Qd4 (12... Qxd1 13. Rxd1 Bxc3 14. bxc3 Nd5) 13. Nxe5 Qxe5 14. Bf4 Qa5 15. Ne4 Nxe4 16. Bxe4 {This bishop pair is nice.} f5 17. Bg2 {[%cal Be4g2,Bg2d5,Bd5f7][%mdl 32] aiming for Qd4.} e5 {[#] Inhibits Qd4.} 18. Bxe5 $1 {[%mdl 512]} Qxe5 (18... O-O 19. Bc3) 19. Re1 {White mates.} Qxe1+ 20. Qxe1+ Kf7 21. Bd5+ Kg6 22. Qe7 Bd7 23. Qf7+ Kg5 24. Qg7+ Kh5 25. Bf7# {Black did not feel at home in the position after the opening.  Weighted Error Value: White=0.36/Black=1.03} 1-0

[Event "WALTON 40th BAN-ch U20 Open 2022"]
[Site "Dhaka"]
[Date "2022.02.15"]
[Round "1.3"]
[White "Subrota, Biswas"]
[Black "Abdul Qayyum"]
[Result "1-0"]
[WhiteElo "2202"]
[BlackElo "1735"]
[Annotator "TA"]
[PlyCount "19"]
[EventDate "2022.02.15"]
[EventType "swiss"]
[EventCountry "BAN"]
[SourceTitle "playchess.com"]
[Source "ChessBase"]
[SourceQuality "1"]

{[%evp 9,18,213,955,946,931,822,1200,1209,29998,29999,29999]} 1. e4 e5 2. Nf3 Nc6 3. d4 f6 4. Bc4 Nh6 5. Bxh6 {[#]} Rg8 $146 (5... gxh6 6. Nc3 Qe7) ({Predecessor:} 5... gxh6 6. d5 Nb4 7. a3 Na6 8. O-O h5 9. Nh4 d6 10. Qxh5+ Kd7 11. Bb5+ c6 12. Bxa6 bxa6 {1-0 (28) Pacheco,J (1139)-Rodrigues,G Guimaraes 2017}) 6. Bxg8 $18 {C44: Ponziani Opening and Scotch Gambit.} gxh6 7. Nc3 {[%cal Of3g5] And now Ng5! would win.} Nb4 {[#]} 8. Nxe5 $1 {Qh5+ would kill now.} fxe5 (8... Ke7 9. Qh5) 9. Qh5+ Ke7 10. Qxe5# {Black got outplayed after the opening} 1-0

[Event "WALTON 40th BAN-ch U20 Open 2022"]
[Site "Dhaka"]
[Date "2022.02.17"]
[Round "3.1"]
[White "Zia, Tahsin Tajwar"]
[Black "Mahin, Ahmed Shuvo"]
[Result "1/2-1/2"]
[WhiteElo "2283"]
[BlackElo "1813"]
[Annotator "TA"]
[PlyCount "35"]
[EventDate "2022.02.15"]
[EventType "swiss"]
[EventCountry "BAN"]
[SourceTitle "playchess.com"]
[Source "ChessBase"]
[SourceQuality "1"]

{[%evp 12,35,14,4,11,2,7,22,15,6,51,4,41,23,23,-84,-76,-75,-73,-66,-74,-172,-180,-167,-168,-217]} 1. d4 Nf6 2. Nf3 d5 3. c4 e6 4. g3 Be7 5. Bg2 O-O 6. O-O dxc4 7. Qc2 b6 {E05: Open Catalan: 5 Nf3 Be7.} 8. Bg5 Nd5 (8... Ba6 {is more complex.} 9. Ne5 Nd5 10. Bxe7 Qxe7 11. Rd1 Rc8) 9. Bxe7 Qxe7 {The position is equal.} 10. Nbd2 Nd7 {[#]} (10... b5 $11) 11. a3 $146 (11. Nxc4 $14 Bb7 12. a3) ({Predecessor:} 11. Nxc4 c5 12. Rac1 Bb7 13. Rfd1 Rfd8 14. Qa4 N5f6 15. Nfe5 Bxg2 16. Kxg2 Nxe5 17. dxe5 {½-½ (52) Ringoir,T (2527)-Katz,A (2419) Charlotte 2018}) 11... c5 12. e4 (12. Qxc4 a5 $11) 12... N5f6 {[%cal Bd5f6,Bf6g4,Bg4e5][%mdl 32]} 13. Ng5 (13. Rfe1 $11 {keeps the balance.}) 13... Ng4 $17 ({Don't play} 13... cxd4 14. e5 d3 15. exf6 $1 {[%mdl 512]} Qxf6 16. Qc1 $18 (16. Qxc4 Qxg5 17. f4 Qa5 $16)) 14. Ngf3 cxd4 15. Nxd4 {[%cal Oe4e5]} Ba6 {[%cal Oc4c3] White must now prevent ...c3!} 16. h3 {[#]} (16. Nc6 $17 Qd6 17. e5 Ndxe5 18. Nb4 (18. Nxe5 Nxe5 19. Bxa8 Rxa8 $17)) 16... Nge5 $1 $19 ({Stronger than} 16... c3 17. hxg4 cxd2 18. Rfd1 $15) 17. Rfd1 Rac8 18. Kh2 {Weighted Error Value: White=0.31/Black=0.06 (flawless)} (18. a4 {keeps fighting.}) 1/2-1/2

[Event "WALTON 40th BAN-ch U20 Open 2022"]
[Site "Dhaka"]
[Date "2022.02.17"]
[Round "3.2"]
[White "Sajidul, Haque"]
[Black "Manon, Reja Neer"]
[Result "0-1"]
[WhiteElo "1766"]
[BlackElo "2209"]
[Annotator "TA"]
[PlyCount "73"]
[EventDate "2022.02.15"]
[EventType "swiss"]
[EventCountry "BAN"]
[SourceTitle "playchess.com"]
[Source "ChessBase"]
[SourceQuality "1"]

{[%evp 19,73,0,26,-27,-24,-18,-36,-21,-12,-61,-64,-57,-69,-68,-64,-133,-110,-131,-104,-152,-62,-137,-127,-183,-167,-166,-75,-74,-42,-58,-55,-46,-39,-77,-57,-117,-118,-206,-220,-350,-347,-472,-401,-366,-350,-570,-563,-584,-585,-1047,-1071,-1001,-1054,-1046,-993,-875]} 1. e4 {[%cal Be2e4,Be4e5][%mdl 32]} Nf6 2. e5 Nd5 3. c4 Nb6 4. d4 d6 5. exd6 cxd6 6. Nc3 g6 7. Bd3 Bg7 8. Nge2 Nc6 9. Be3 O-O 10. O-O Nb4 (10... e5 $5 {[%cal Re5d4]} 11. d5 Nb4 $11) 11. Ng3 {B03: Alekhine's Defence: Four Pawns Attack.} (11. b3 $142 $1) 11... d5 $11 12. c5 Nxd3 13. Qxd3 {Black is slightly better.} Nc4 14. Bc1 (14. b3 $11 {should be considered.} Nxe3 15. fxe3) 14... b6 $15 15. b3 Na5 16. Ba3 Nc6 {[#]} 17. Rfe1 $146 ({White should play} 17. Nge2 $15) ({Predecessor:} 17. Nce2 bxc5 18. Bxc5 a5 19. f4 Ba6 20. Qd2 Qd7 21. Rae1 Rfb8 22. f5 Nb4 23. Rf3 {1-0 (37) Grbic,B (2004)-Cvetkovic,N (2254) Belgrade 2015}) 17... Re8 $17 18. Nce2 h5 {[%cal Bh7h5,Bh5h4][%mdl 32]} 19. Rac1 (19. Rad1 $142) 19... Bd7 (19... e5 $17 {Strongly threatening ...h4.} 20. Bb2 h4) 20. b4 (20. h3 $15) 20... bxc5 21. dxc5 (21. Rxc5 $17 h4 22. b5) 21... h4 $19 22. Nf1 Bf5 (22... d4 $19 {and Black stays clearly on top. ...Rb8 is the strong threat.} 23. b5 Ne5) 23. Qa6 $17 Qc7 $36 {[%mdl 2048] Black has the initiative. Black is more active.} 24. Ne3 d4 25. Nxf5 gxf5 26. Red1 e5 27. b5 {[#]} ({White should try} 27. h3 $1 $15) 27... Nd8 $1 28. b6 (28. h3 $17) 28... Qc6 $19 {aiming for ...axb6.} 29. Qd3 (29. b7 $142 Rb8 30. Qd3 (30. Qxc6 $2 Nxc6 31. Kf1 Rxb7 $19)) 29... axb6 30. Qb3 bxc5 31. Bxc5 Qa6 {[%csl LRa2,LRe2]} 32. Rc2 {[#]} (32. Nxd4 {was worth a try.} exd4 33. Bxd4) 32... Ne6 {Black is clearly winning.} 33. Nc1 e4 {Inhibits Nd3.} 34. a3 d3 35. Rc4 Rac8 36. Qb4 Rb8 37. Qa4 {Weighted Error Value: White=0.67/Black=0.12 (very precise)} 0-1

[Event "WALTON 40th BAN-ch U20 Open 2022"]
[Site "Dhaka"]
[Date "2022.02.17"]
[Round "3.3"]
[White "Tahmidul, Haque"]
[Black "Sakline Mostafa, Sajid"]
[Result "1-0"]
[WhiteElo "1756"]
[BlackElo "2089"]
[Annotator "TA"]
[PlyCount "127"]
[EventDate "2022.02.15"]
[EventType "swiss"]
[EventCountry "BAN"]
[SourceTitle "playchess.com"]
[Source "ChessBase"]
[SourceQuality "1"]

{[%evp 22,127,51,51,35,43,35,35,27,17,62,67,66,62,64,62,72,66,78,64,75,27,39,39,34,35,39,37,53,64,64,64,64,64,123,99,132,137,129,122,138,133,143,141,138,129,139,133,130,0,0,0,116,99,105,85,84,0,101,0,76,72,192,0,0,0,165,98,222,117,310,247,383,372,1325,1362,1217,100,107,100,90,87,91,82,97,45,52,0,155,155,162,162,162,162,162,162,155,155,155,155,747,732,29985,29986,29986,29987,29987,29988]} 1. e4 c5 2. Nf3 e6 3. d4 cxd4 4. Nxd4 Nf6 5. Nc3 Nc6 6. Nxc6 bxc6 7. e5 Nd5 8. Ne4 Qc7 9. f4 Qb6 10. c4 Bb4+ 11. Ke2 f5 12. exf6 $1 Nxf6 {[#] B45: Sicilian Four Knights.} 13. Be3 $1 {Chess con chili.} Qd8 14. Nd6+ Bxd6 {White is slightly better.} 15. Qxd6 Qe7 (15... Bb7 $11) 16. Bc5 $14 {[%csl Gc5][%cal Rd6e7] White is much more active. Black has bad knights.} Qxd6 17. Bxd6 Ne4 18. Ba3 d5 19. Ke3 {[#]} Nf6 $146 ({Predecessor:} 19... Bb7 20. Bd3 Nf6 21. h3 Nd7 22. Rhe1 Kf7 23. Rac1 g6 24. Kd2 Rac8 25. g4 Rhe8 26. cxd5 {½-½ (26) Kulich,F (1692)-Popzafirov,D (1851) Kouty nad Desnou 2021}) 20. h3 Ba6 21. g4 (21. Rc1 $16) 21... Bxc4 22. Bxc4 dxc4 23. Rac1 Nd5+ 24. Kf3 (24. Ke4 $5 {[%cal Rc1c4]}) 24... h5 25. g5 $1 g6 26. Rxc4 Kd7 $1 27. Rhc1 Rac8 (27... Rhc8 $1 $14) 28. Ra4 Rc7 29. Bc5 Rb7 30. Ra6 (30. Rxa7 $6 Rxa7 31. Bxa7 Ra8 $11) 30... Rc8 31. b3 (31. Rxa7 $6 Rxa7 32. Bxa7 Ra8 $11) 31... Nc7 32. Rd1+ (32. Rxa7 $6 Rxa7 33. Bxa7 Ra8 $11) 32... Nd5 33. Rd4 (33. Rxa7 $6 Rxa7 34. Bxa7 Ra8 $11) (33. Bxa7 $2 Ra8 34. Kg3 (34. f5 $2 exf5 35. Kg3 Raxa7 $19) 34... Rbxa7 $19) 33... e5 34. fxe5 Ke6 35. Bd6 (35. Rc4 $16) 35... Rf7+ $11 36. Kg3 Nc3 (36... Ne3 $11 {keeps the balance.} 37. Rf4 Nf1+ 38. Kf3 Nd2+ 39. Ke3 Nf1+ 40. Kf3 Nd2+ 41. Kg3 Nf1+ 42. Kf3) 37. Rc4 Ne2+ 38. Kg2 Nf4+ 39. Kg3 Ne2+ 40. Kg2 Nf4+ 41. Kh2 Ne2 (41... Nd5 $16 {is a better defense.}) 42. Kg2 $2 (42. Rcxc6 $6 Rxc6 43. Rxc6 Rf2+ 44. Kh1 Nd4 $16) (42. Raxc6 $6 Rf2+ 43. Kh1 Rxc6 44. Rxc6 Nd4 $16) ({White should play} 42. h4 $1 $18) 42... Nf4+ 43. Kh2 $2 (43. Kg3 $11 Ne2+) 43... Ne2 $1 $18 44. Bc5 {Inhibits Rf2+.} (44. Rcxc6 Rxc6 45. Rxc6 Rf2+ 46. Kh1 Nd4 $16) (44. Raxc6 Rf2+ 45. Kh1 Rxc6 46. Rxc6 Nd4 $16) (44. h4 $1 $18) 44... Kxe5 (44... Rf3 $16 {was called for.}) 45. Be3 (45. Bxa7 Nf4 46. Bd4+ Kd6) (45. Rxa7 $6 Rxa7 46. Bxa7 Ra8 $16) ({Better is} 45. Ra5 $18) 45... Rf3 $2 (45... Rd8 $16 46. h4 (46. Rxa7 Rxa7 47. Bxa7 Rd2 $11) (46. Bxa7 Rd2 $14) (46. Raxc6 Rf3 $16) (46. Rcxc6 Ke4 $11) 46... Nd4) 46. Rxa7 Re8 {To avoid Re7+} (46... Nf4 $142) 47. Ra5+ Kd6 $2 (47... c5) 48. Bc5+ Kd5 49. Be7+ $2 (49. Ba3+ $18 {has better winning chances.} Ke6 50. Re4+ Kd7 51. Ra7+ Kd8 52. Ra8+ Kc7 53. Rexe8 Rf2+ 54. Kh1 Ng3+ 55. Kg1) 49... Ke6 $16 {[#]} 50. Re4+ $1 Kf7 {...Rf2+ is the strong threat.} 51. Rxe2 Rxe7 52. Rxe7+ Kxe7 {[%mdl 4096] Endgame KR-KR} 53. Kg2 (53. Ra7+ $16 Ke6 54. Kg2) 53... Rc3 $14 54. b4 (54. Ra4 $14) 54... Ke6 $2 {[#]} ({Black should try} 54... Rc2+ $11 55. Kg1 Ke6) 55. Rc5 $1 $16 Rxc5 56. bxc5 {KP-KP} Kd5 57. Kf3 Kxc5 $18 {And now ...Kc4 would win. K3P-K3P} 58. Ke4 Kc4 {White must now prevent ...c5.} 59. Ke5 {aiming for Kf6.} c5 {Strongly threatening ...Kd3.} 60. Kf6 Kd5 $2 (60... Kb4 $16) 61. Kxg6 {White threatens Kf6 and mate.} Ke6 62. Kh7 {White mates.} (62. Kxh5 c4 63. g6 c3 $19) 62... c4 63. g6 {[%cal Bg5g6,Bg6g7][%mdl 32]} c3 64. g7 {Weighted Error Value: White=0.34/Black=0.38} 1-0

[Event "WALTON 40th BAN-ch U20 Open 2022"]
[Site "Dhaka"]
[Date "2022.02.17"]
[Round "3.4"]
[White "Noshin, Anjum"]
[Black "Shadat, Kibria Ayaan"]
[Result "1-0"]
[WhiteElo "2017"]
[BlackElo "1679"]
[Annotator "TA"]
[PlyCount "77"]
[EventDate "2022.02.15"]
[EventType "swiss"]
[EventCountry "BAN"]
[SourceTitle "playchess.com"]
[Source "ChessBase"]
[SourceQuality "1"]

{[%evp 21,77,7,4,-61,0,-6,7,0,9,20,71,62,64,62,81,81,67,89,60,67,71,77,69,69,86,56,45,-153,0,-296,-277,-642,-640,-605,-226,-211,-182,-148,53,52,230,0,230,221,196,22,41,61,73,0,0,0,0,0,544,518,568,506]} 1. e4 e5 2. Nf3 Nc6 3. Bb5 a6 4. Ba4 Nf6 5. O-O b5 6. Bb3 Bc5 7. c3 d6 8. Re1 O-O 9. d4 Bb6 10. h3 h6 11. a4 Bb7 12. Na3 {C78: Ruy Lopez: Archangelsk and Möller Defences.} (12. dxe5 $11 Nxe5 13. Bc2) 12... Re8 (12... exd4 $15 13. cxd4 Re8 14. axb5 axb5) 13. d5 $11 Ne7 14. Be3 {The position is equal.} c6 (14... Bxe3 {keeps more tension.} 15. Rxe3 c6 16. dxc6 Bxc6 17. axb5 axb5 18. Qd3 Qb8) 15. dxc6 Bxc6 {[#]} (15... Nxc6 $11 {remains equal.} 16. axb5 axb5) 16. axb5 $146 {White is more active.} ({Predecessor:} 16. Bxb6 Qxb6 17. axb5 Bxb5 18. Nxb5 axb5 19. Rxa8 Rxa8 20. Qd3 Rd8 21. Rd1 Qc5 22. Re1 {½-½ (46) Terzi,A (2054)-Vaseptsov,M (2193) Satka 2011}) 16... axb5 17. Bxb6 Qxb6 18. Qxd6 Ng6 19. Bd5 Rac8 20. Bxc6 Rxc6 21. Qb4 Rb8 22. Rad1 Rc5 23. Nd2 Nf4 24. Nb3 $2 {[#]} (24. Nf1 $1 $14) 24... Rc6 $2 ({Better is} 24... N6h5 $1 $17 {[%cal Ob6g6][%mdl 512] Hoping for ...Qg6!} 25. Kh2 (25. Qxc5 Qg6 $17) 25... Rc6) 25. Nc1 $2 {[%mdl 8192]} (25. Nc2 $11) 25... N6h5 $1 $19 {...Rg6 is the strong threat.} 26. Re3 $2 (26. Qxb5 Qxb5 27. Nxb5 Rxb5 28. Rd2) 26... Rg6 27. g4 Nxh3+ $2 28. Rxh3 Rxg4+ 29. Kf1 Qg6 (29... Nf4 $1 $17 {[%cal Rf4h3]} 30. Rg3 Rd8 $1 31. Rxd8+ Qxd8) 30. Ne2 $14 ({Wrong is} 30. Nxb5 $2 Rg1+ 31. Ke2 Qg4+ 32. Rf3 Nf4+ 33. Kd2 Qxf3 34. Rxg1 Qxf2+ 35. Kd1 Rd8+ 36. Nd6 Qxg1+ $19) 30... Rb6 {Inhibits Qd6.} ({Black should try} 30... Rxe4 $14 31. Qd6 Qxd6 32. Rxd6 Rxe2 33. Rxh5 Rxb2) 31. Rd8+ $18 ({Not} 31. Nxb5 Rxe4 32. Rd6 Rxb4 33. Rxg6 fxg6 $17) 31... Kh7 32. Qf8 {[%csl Gd8][%cal Rf8g8]} (32. Nxb5 $2 Rxe4 33. Rd6 (33. Qf8 $2 Qg4 $19) 33... Rxb4 34. Rxg6 Kxg6 $19) 32... Qg5 {[#]} 33. Rd6 (33. Nc2 $1 $18 {[%cal Rc2e3]}) 33... Rxd6 $11 34. Qxd6 {Dancing on a razor blade.} Nf4 35. Nxf4 ({White should play} 35. Rg3 $16 {Black must now prevent Nxf4.} Nxe2 36. Kxe2 Rxe4+ 37. Re3 Rxe3+ 38. fxe3) 35... Rg1+ $1 36. Ke2 Qxf4 37. Qd3 Rg2 $2 {[%mdl 8192]} (37... Qc1 $11 {and Black stays safe.} 38. Kf3 Qf4+ 39. Ke2 Qc1) 38. Qf3 $18 Qg5 39. Qf5+ {Weighted Error Value: White=0.66/Black=0.78} 1-0

[Event "WALTON 40th BAN-ch U20 Open 2022"]
[Site "Dhaka"]
[Date "2022.02.17"]
[Round "3.5"]
[White "Mohammad Shafiqul, Islam"]
[Black "Swarnavo Choudhury"]
[Result "0-1"]
[WhiteElo "1720"]
[BlackElo "1945"]
[Annotator "TA"]
[PlyCount "144"]
[EventDate "2022.02.15"]
[EventType "swiss"]
[EventCountry "BAN"]
[SourceTitle "playchess.com"]
[Source "ChessBase"]
[SourceQuality "1"]

{[%evp 11,143,34,41,16,43,14,45,29,40,50,39,0,200,186,183,165,178,175,278,271,267,233,236,191,194,115,106,110,112,127,126,68,73,92,84,-11,-50,-12,-29,-79,-87,-166,-167,-175,-169,-160,-167,-197,-147,-389,-392,-386,-317,-479,-473,-451,-419,-620,-394,-481,-482,-480,-460,-511,-207,-211,-111,-142,-104,-166,-195,-385,-419,-360,-258,-393,-390,-433,-420,-421,-419,-685,-686,-645,-631,-875,-876,-820,-792,-1555,-1478,-1253,-1146,-1581,-1497,-6122,-5325,-29969,-29972,-2207,-2100,-7359,-6322,-29985,-29986,-29989,-29986,-29986,-29987,-29991,-29989,-29989,-29990,-29990,-29991,-29991,-29992,-29992,-29993,-29993,-29994,-29994,-29995,-29995,-29996,-29995,-29996,-29997,-29998,-29998,-29998,-29998,-29999,-29999]} 1. e4 c5 2. Nf3 e6 3. d4 cxd4 4. Nxd4 Nc6 5. Nc3 Qc7 6. Be3 a6 7. Qf3 {7.g4 is setting a new trend. B48: Sicilian: Taimanov: 5 Nc3 Qc7 6 Be3 a6 without Be2.} Ne5 8. Qg3 Bd6 {[%cal Oe5d3] And now ...Nd3+! would win.} 9. f4 {White is slightly better.} Ng6 $1 {[%cal Rd6f4]} 10. e5 Bb4 11. O-O-O {[#] Strongly threatening f5.} N8e7 $146 {Inhibits f5.} (11... Bxc3 $11 {and Black has nothing to worry.} 12. bxc3 N8e7) ({Predecessor:} 11... Bxc3 12. bxc3 N8e7 13. Bd3 b5 14. Rhf1 Nd5 15. Bd2 Bb7 16. Rde1 Nge7 17. f5 O-O-O 18. fxe6 fxe6 {1-0 (33) So,W (2772)-Artemiev,V (2704) chess24.com INT 2021}) 12. Ne4 $18 {Hoping for a3.} Nd5 13. h4 h5 14. Kb1 b6 (14... O-O {might work better.}) 15. Bc1 Bb7 {[%cal Od5f4]} 16. Bd3 {[%cal Oe4d6]} Nde7 17. c3 Bc5 18. Nc2 ({White should play} 18. Nf3 $18) 18... Nf5 $16 {Inhibits Nd6+.} 19. Nd6+ Bxd6 20. Bxf5 exf5 21. exd6 (21. Rxd6 $16 Be4 22. Qf2) 21... Qc6 22. Rhe1+ Kf8 {[#]} 23. Qg5 (23. Re2 $1 $16) 23... Qxg2 $11 24. Qxf5 Qg4 25. Nd4 (25. Qd3 $1 $11 {remains equal.}) 25... Bf3 $17 {[%cal Bb7f3,Bf3g4,Bg4f5][%mdl 32]} 26. Rd3 {[#]} (26. Rd2 $17) 26... Qxf5 $1 $19 27. Nxf5 Bg4 $36 {[%mdl 2048] Black is in control.} 28. Ne7 Nxh4 {[%cal Bg6h4,Bh4g2,Bg2f4,Bf4e6][%mdl 32]} 29. Be3 Re8 ({Black should try} 29... b5 $19 30. Bd4 Bf5 31. Nxf5 Nxf5) 30. Bxb6 $2 (30. Rh1 $17 Nf5 31. Bxb6) 30... Bf5 31. Kc2 {[%cal Oe7f5]} Ng2 32. Rg1 (32. Rf1 $142 Bxd3+ 33. Kxd3) 32... Bxd3+ 33. Kxd3 Nxf4+ 34. Kd2 (34. Ke4 $142 Ng6 35. Bd4) 34... Ne6 {aiming for ...Rb8.} 35. c4 h4 36. Rf1 Rh5 37. Bf2 g6 (37... Rb8 $142 38. Kc2 h3) 38. Bxh4 Kg7 (38... g5 $19 39. Bg3 g4) 39. Bf6+ $17 Kh7 40. Rf2 (40. b4 $17) 40... Nc5 $19 {Threatens to win with ...Ne4+.} 41. Kc2 $2 (41. Re2) 41... Ne4 $1 {[%csl LRd6,LRf2]} 42. Rf4 Nxd6 43. b4 (43. Rd4 $142 Nc8 44. Rxd7) 43... Nf5 44. Nd5 Ne3+ 45. Nxe3 Rxe3 {[%mdl 4096] Endgame KRR-KRB} 46. Bd4 (46. Rf2 $142 Re4 47. Kb3) 46... Rh2+ 47. Kd1 Rd3+ 48. Ke1 f5 49. Bf2 Ra3 50. Rd4 Rh1+ 51. Ke2 Rxa2+ 52. Kf3 Rf1 53. Rh4+ Kg7 54. Rh2 g5 55. Ke3 f4+ 56. Kf3 g4+ 57. Kxg4 Raxf2 {Black mates.} 58. Rh5 Rg2+ 59. Kf5 f3 60. Rh4 Rd1 61. Rf4 f2 62. b5 axb5 63. cxb5 f1=Q 64. Rxf1 Rxf1+ 65. Ke5 Rd1 66. b6 Re2+ 67. Kf4 Rf1+ 68. Kg3 Re6 69. b7 Rg6+ 70. Kh2 Rf8 {[%cal Rf8h8]} 71. b8=Q Rxb8 {[%cal Rb8h8]} 72. Kh1 Rh8# {Quite a comeback for Black.  Weighted Error Value: White=0.56/Black=0.34} 0-1

[Event "WALTON 40th BAN-ch U20 Open 2022"]
[Site "Dhaka"]
[Date "2022.02.17"]
[Round "3.6"]
[White "Mohammed, Sagar Ullah"]
[Black "Md Azbahauddin, Khan"]
[Result "1-0"]
[WhiteElo "1924"]
[BlackElo "1647"]
[Annotator "TA"]
[PlyCount "53"]
[EventDate "2022.02.15"]
[EventType "swiss"]
[EventCountry "BAN"]
[SourceTitle "playchess.com"]
[Source "ChessBase"]
[SourceQuality "1"]

{[%evp 10,53,-8,-30,-36,-12,-6,-16,0,-28,0,-31,0,0,7,-22,33,0,57,5,64,62,55,68,85,100,243,62,625,625,664,646,721,713,818,831,875,907,895,890,880,868,1032,1041,1785,1501]} 1. e4 {[%cal Be2e4,Be4d5][%mdl 32]} d5 2. exd5 Nf6 3. Bb5+ Bd7 4. Bxd7+ Qxd7 5. c4 c6 6. dxc6 Nxc6 {B01: Scandinavian Defence.} 7. Nc3 e5 {[%mdl 1024] Black has compensation.} 8. Nge2 Bc5 {The position is equal.} 9. a3 O-O 10. O-O Rad8 11. b4 Bd4 {[#]} 12. Qc2 $146 ({Predecessor:} 12. Rb1 e4 13. Bb2 Be5 14. Ng3 Bxg3 15. fxg3 Qd4+ 16. Kh1 Qxc4 17. Rxf6 gxf6 18. Qg4+ {½-½ (29) Gauthier,L (1828)-Letertre,A (1890) Angers 2010}) 12... Qe6 (12... e4 $11) 13. c5 Nd5 (13... e4 $11) 14. Bb2 (14. b5 $1 $14 Nce7 15. Nxd4 exd4 16. Ne4) 14... Rfe8 (14... Nf4 $1 $11) 15. Nxd5 Qxd5 16. Nxd4 exd4 17. Rae1 Qg5 {[#]} (17... Rc8 $16) 18. Qc1 $2 (18. Rxe8+ $1 $18 Rxe8 19. b5) 18... Ne5 $2 {[%mdl 8192]} (18... Qd5 $14) 19. f4 $18 {[%cal Bf2f4,Bf4e5][%mdl 32] White is clearly winning.} Qh5 {...Nd3 is the strong threat.} 20. fxe5 Re6 21. d3 Rh6 22. Qf4 g5 23. Qg3 {[%cal Oe5e6] [#] And now e6! would win.} Re6 24. Rf5 {[%cal Bf1f5,Bf5f6,Bf6d6][%mdl 32]} h6 25. Rf6 Re7 26. Rd6 Red7 27. Bxd4 {Weighted Error Value: White=0.30/Black=0.92} 1-0

[Event "WALTON 40th BAN-ch U20 Open 2022"]
[Site "Dhaka"]
[Date "2022.02.17"]
[Round "3.7"]
[White "Anower, Hossain"]
[Black "Dibya, Das Gupta"]
[Result "0-1"]
[WhiteElo "1634"]
[BlackElo "1923"]
[Annotator "TA"]
[PlyCount "54"]
[EventDate "2022.02.15"]
[EventType "swiss"]
[EventCountry "BAN"]
[SourceTitle "playchess.com"]
[Source "ChessBase"]
[SourceQuality "1"]

{[%evp 16,54,0,0,31,56,39,33,13,5,23,15,60,0,0,-33,-35,-45,-35,-42,-43,-88,-80,-85,-87,-99,-59,-118,-122,-155,-123,-184,-197,-274,-257,-478,-460,-514,-490,-525,-491]} 1. e4 c5 2. Nf3 e6 3. d4 cxd4 4. Nxd4 a6 5. Nc3 Qc7 6. Bd3 b5 7. a3 Bb7 8. O-O Nf6 9. Kh1 d5 {B43: Sicilian: Kan Variation: 5 Nc3.} 10. exd5 Nxd5 11. Nxd5 Bxd5 {White is slightly better.} 12. Qg4 {[%cal Od4f5]} Nd7 13. Bf4 {[#]} Nf6 $146 {[#]} ({Predecessor:} 13... Qb6 14. Nf3 Nf6 15. Qh3 Be7 16. Rae1 Bxf3 17. gxf3 Rd8 18. Rg1 Bf8 19. Bf5 Be7 {1-0 (39) Israt,J (1630)-Sultana,S (1975) Dhaka 2022}) 14. Qg3 (14. Qxe6+ $1 $14 fxe6 15. Bxc7) 14... Qb7 $11 {Hoping for ...Nh5.} 15. f3 Nh5 $1 16. Qh4 Nxf4 17. Qxf4 Be7 18. Rae1 (18. a4 $15 {is more appropriate.} b4 19. c4 bxc3 20. bxc3) 18... O-O 19. Re5 h6 {...Bd6 is the strong threat.} 20. Rh5 {[%cal Oh5h6]} Qb8 21. Qg4 (21. Qe3 $15 Bd6 22. Be4) 21... f5 $17 22. Qh3 Qe5 23. c3 (23. Ne2 $17) 23... Qe3 $19 24. f4 (24. Rd1 {was necessary.}) 24... Qd2 $40 {[%mdl 128] Black wants a kill.} 25. Bc2 $2 (25. Qg3 Qxb2 26. Be2) 25... Bf6 {This bishop pair is nice. Black is clearly winning.} 26. Rd1 Qf2 {[#] White must now prevent ...Bxd4.} ({But not} 26... Qxf4 $2 27. Qg3 Qxg3 28. hxg3 $19) 27. Qg3 Bxd4 {Weighted Error Value: White=0.44/Black=0.11 (very precise)} 0-1